000
00360nam a2200133Ia 4500
008
151001s9999||||xx |||||||||||||| ||und||
100
_a
वा शि आपटे
245
_a
प्रश्न शिष्ठाचाराचे
250
_a
1
260
_b
वरदा बुक्स
260
_c
1981
300
_a
100
365
_b
18
999
_c
965406
_d
965403